MARC details
| 000 -LEADER |
| fixed length control field |
02595nam a2200349 a 4500 |
| 008 - FIXED-LENGTH DATA ELEMENTS--GENERAL INFORMATION |
| fixed length control field |
121114s2000 ||||||||||||||||| || u |
| 020 ## - INTERNATIONAL STANDARD BOOK NUMBER |
| International Standard Book Number |
9187748665 |
| 050 ## - LIBRARY OF CONGRESS CALL NUMBER |
| Classification number |
JZ 5538 Han |
| 100 ## - MAIN ENTRY--PERSONAL NAME |
| Personal name |
Baer, Hans |
| 245 10 - TITLE STATEMENT |
| Title |
Reaching reconciliation: churches in the transition to democracy in eastern and central europe |
| Statement of responsibility, etc. |
by Hans Baer, Joan Lofgren, Halina Grzymala-Moszczynska and edited by Lucia Ann McSpadden |
| 260 ## - PUBLICATION, DISTRIBUTION, ETC. |
| Place of publication, distribution, etc. |
Uppsala |
| Name of publisher, distributor, etc. |
Life and Peace Institute |
| Date of publication, distribution, etc. |
2000 |
| 300 ## - PHYSICAL DESCRIPTION |
| Extent |
xxviii, 245p.: ill. |
| 500 ## - GENERAL NOTE |
| General note |
Includes Bibliography |
| 650 ## - SUBJECT ADDED ENTRY--TOPICAL TERM |
| Topical term or geographic name entry element |
PEACE-BUILDING--EUROPE, CENTRAL |
| 650 ## - SUBJECT ADDED ENTRY--TOPICAL TERM |
| Topical term or geographic name entry element |
WAR--RELIGIOUS ASPECTS--CHRISTIANITY |
| 650 ## - SUBJECT ADDED ENTRY--TOPICAL TERM |
| Topical term or geographic name entry element |
CHURCH AND STATE--EUROPE, EASTERN |
| 650 ## - SUBJECT ADDED ENTRY--TOPICAL TERM |
| Topical term or geographic name entry element |
PEACE-BUILDING--EUROPE, EASTERN |
| 700 ## - ADDED ENTRY--PERSONAL NAME |
| Personal name |
Grzymala-Moszczynska, Halina |
| 700 ## - ADDED ENTRY--PERSONAL NAME |
| Personal name |
Lofgren, Joan |
| 700 ## - ADDED ENTRY--PERSONAL NAME |
| Personal name |
McSpadden, Lucia Ann |
| 995 ## - RECOMMENDATION 995 [LOCAL, UNIMARC FRANCE] |
| -- |
CBU-DAG HAMMARSKJOLD INSTITUTE LIBRARY |
| -- |
2 |
| -- |
AVAILABLE |
| -- |
Dec 10, 2012 |
| -- |
DHIPS Book Collection |
| 995 ## - RECOMMENDATION 995 [LOCAL, UNIMARC FRANCE] |
| -- |
CBU-DAG HAMMARSKJOLD INSTITUTE LIBRARY |
| -- |
4 |
| -- |
AVAILABLE |
| -- |
Dec 10, 2012 |
| -- |
DHIPS Book Collection |
| 995 ## - RECOMMENDATION 995 [LOCAL, UNIMARC FRANCE] |
| -- |
CBU-DAG HAMMARSKJOLD INSTITUTE LIBRARY |
| -- |
10 |
| -- |
AVAILABLE |
| -- |
Dec 31, 2012 |
| -- |
DHIPS Book Collection |
| 995 ## - RECOMMENDATION 995 [LOCAL, UNIMARC FRANCE] |
| -- |
CBU-DAG HAMMARSKJOLD INSTITUTE LIBRARY |
| -- |
5 |
| -- |
AVAILABLE |
| -- |
Dec 10, 2012 |
| -- |
DHIPS Book Collection |
| 995 ## - RECOMMENDATION 995 [LOCAL, UNIMARC FRANCE] |
| -- |
CBU-DAG HAMMARSKJOLD INSTITUTE LIBRARY |
| -- |
7 |
| -- |
AVAILABLE |
| -- |
Dec 31, 2012 |
| -- |
DHIPS Book Collection |
| 995 ## - RECOMMENDATION 995 [LOCAL, UNIMARC FRANCE] |
| -- |
CBU-DAG HAMMARSKJOLD INSTITUTE LIBRARY |
| -- |
6 |
| -- |
AVAILABLE |
| -- |
Dec 31, 2012 |
| -- |
DHIPS Book Collection |
| 995 ## - RECOMMENDATION 995 [LOCAL, UNIMARC FRANCE] |
| -- |
CBU-DAG HAMMARSKJOLD INSTITUTE LIBRARY |
| -- |
1 |
| -- |
AVAILABLE |
| -- |
Dec 10, 2012 |
| -- |
DHIPS Book Collection |
| 995 ## - RECOMMENDATION 995 [LOCAL, UNIMARC FRANCE] |
| -- |
CBU-DAG HAMMARSKJOLD INSTITUTE LIBRARY |
| -- |
9 |
| -- |
AVAILABLE |
| -- |
Dec 31, 2012 |
| -- |
DHIPS Book Collection |
| 995 ## - RECOMMENDATION 995 [LOCAL, UNIMARC FRANCE] |
| -- |
CBU-DAG HAMMARSKJOLD INSTITUTE LIBRARY |
| -- |
3 |
| -- |
AVAILABLE |
| -- |
Dec 10, 2012 |
| -- |
DHIPS Book Collection |
| 995 ## - RECOMMENDATION 995 [LOCAL, UNIMARC FRANCE] |
| -- |
CBU-DAG HAMMARSKJOLD INSTITUTE LIBRARY |
| -- |
8 |
| -- |
AVAILABLE |
| -- |
Dec 31, 2012 |
| -- |
DHIPS Book Collection |
| 995 ## - RECOMMENDATION 995 [LOCAL, UNIMARC FRANCE] |
| -- |
CBU-DAG HAMMARSKJOLD INSTITUTE LIBRARY |
| -- |
11 |
| -- |
AVAILABLE |
| -- |
Dec 31, 2012 |
| -- |
DHIPS Book Collection |